Hỏi đáp về giám sát đầu tư giám sát cán bộ tại cộng đồng khu dân cư
Mang đến cho bạn đọc những nội dung chủ yếu trong quy định pháp luật điều chỉnh các quan hệ của các bộ công chức tại địa bàn cơ sở.
Na minha lista:
| Autor principal: | |
|---|---|
| Formato: | Livro |
| Idioma: | Undetermined |
| Publicado em: |
Hà Nội
Chính trị Quốc gia
2010
|
| Assuntos: | |
| Tags: |
Adicionar Tag
Sem tags, seja o primeiro a adicionar uma tag!
|
| Thư viện lưu trữ: | Trung tâm Học liệu Trường Đại học Cần Thơ |
|---|
| LEADER | 00967nam a2200229Ia 4500 | ||
|---|---|---|---|
| 001 | CTU_157642 | ||
| 008 | 210402s9999 xx 000 0 und d | ||
| 020 | |c 18000 | ||
| 082 | |a 352.5978 | ||
| 082 | |b B302 | ||
| 100 | |a Bích Loan | ||
| 245 | 0 | |a Hỏi đáp về giám sát đầu tư giám sát cán bộ tại cộng đồng khu dân cư | |
| 245 | 0 | |c Bích Loan | |
| 260 | |a Hà Nội | ||
| 260 | |b Chính trị Quốc gia | ||
| 260 | |c 2010 | ||
| 520 | |a Mang đến cho bạn đọc những nội dung chủ yếu trong quy định pháp luật điều chỉnh các quan hệ của các bộ công chức tại địa bàn cơ sở. | ||
| 650 | |a Political parties,Tổ chức chính trị | ||
| 650 | |x Law and legislation,Luật và các văn bản pháp luật | ||
| 650 | |z Vietnam,Việt Nam | ||
| 904 | |i Thùy, Năm | ||
| 980 | |a Trung tâm Học liệu Trường Đại học Cần Thơ | ||